000 00844nam a22002297a 4500
999 _c177599
_d177599
005 20210408153145.0
010 _aB-739282-284 B-739747
020 _a9789390189328
_c350.00
035 _aB-739282-284
035 _aB-739747
037 _bScholastic
037 _bGift
082 _aS
100 _aStilton, Thea
245 _aThea Stilton and the rainforest rescue /
_cby Thea Stilton
260 _bScholastic
_aNew York
_c2020
270 _a557 Broadway
_bNew York
_eNY 10012
300 _a168p.:
_c19cm(pbk)
_bill.
942 _2ddc
_cCH
_mSTI
_hS